000 01344ngm a22003730a 4500
001 PT32187
003 AR-LpoUNG
005 20210202000431.0
007 vd cvaizq
008 191001s1984||||ag |||||||||||||||||spa d
040 _aAR-LpoUNG
_bspa
_cAR-LpoUNG
_eaacr
041 _aspa
044 _aag
082 0 _a302.17 973pas
100 1 _aAyala, Fernando
_edir.
245 1 0 _aPasajeros de una pesadilla
260 _aBuenos Aires :
_bPerfil,
_c1984.
300 _aDVD (96 min.) : son., col.
505 0 _aBasado en el libro: Yo, Pablo Schoklender
520 _a<p>Film centrado en el asesinato de un matrimonio de la alta burgues&iacute;a argentina, crimen del que fueron acusados los dos hijos varones de la pareja. El libro narra la historia real de los hermanos Schoklender, que conmovi&oacute; a la Argentina a&ntilde;os atr&aacute;s. La pel&iacute;cula toma como base el libro que escribi&oacute; uno de los j&oacute;venes acusados, Pablo Schoklender, junto a Emilio Petcoff.</p>
650 4 _aARGENTINA
650 4 _aDRAMA
650 4 _aFAMILIA
650 4 _aMUERTES
650 4 _aVIOLENCIA
651 4 _aArgentina
653 _aACCION
653 _aCINE ARGENTINO
653 _aDVD
653 _aVIDEOS
710 2 _aAries Cinematográfica Argentina (firma comercial)
905 _a32187
942 _cDVD
999 _c54838
_d54838